[Event "Oberliga Ost A"]
[Site "?"]
[Date "2022.07.09"]
[Round "6.5"]
[White "Ozeran, Volodymyr"]
[Black "Rausch, Stephan"]
[Result "1/2-1/2"]
[WhiteElo "2090"]
[BlackElo "2258"]
[PlyCount "93"]
[EventDate "2021.10.10"]
[EventType "team-tourn"]
[EventCountry "GER"]
[WhiteTeam "Dessau SK"]
[BlackTeam "Leipzig SG"]
[WhiteTeamCountry "GER"]
[BlackTeamCountry "GER"]

1. d4 d5 2. Nf3 c6 3. g3 Nf6 4. Bg2 Bg4 5. Ne5 Bf5 6. O-O Nbd7 7. c4 e6 8. cxd5
exd5 9. Qb3 Qb6 10. Nxd7 Bxd7 11. Qd3 g6 12. Qe3+ Be7 13. Qe5 Qd8 14. Bh6 Be6
15. Nc3 Rg8 16. Bg5 h6 17. Bxf6 Bxf6 18. Qe3 Kf8 19. Qxh6+ Bg7 20. Qd2 Rh8 21.
Rfe1 Qf6 22. Rad1 g5 23. e4 Qh6 24. h4 gxh4 25. Qxh6 Rxh6 26. exd5 cxd5 27.
Bxd5 Bxd5 28. Nxd5 hxg3 29. fxg3 Rd8 30. Ne3 Bxd4 31. Kg2 Re6 32. Nc2 Rxe1 33.
Nxe1 Ke7 34. b3 Ke6 35. Kf3 Bb6 36. Nd3 Kf5 37. g4+ Kg5 38. Nf2 Rxd1 39. Nxd1
Bd4 40. Ke4 Bc5 41. Kf3 f5 42. gxf5 Kxf5 43. Ke2 Ke4 44. Nc3+ Kd4 45. Nb5+ Kd5
46. Kd3 Bg1 47. Nc3+ 1/2-1/2

[Event "Oberliga Ost A"]
[Site "?"]
[Date "2022.07.09"]
[Round "6.6"]
[White "Liedtke, Matthias"]
[Black "Schaefer, Sven"]
[Result "1-0"]
[WhiteElo "2247"]
[BlackElo "1966"]
[PlyCount "83"]
[EventDate "2021.10.10"]
[EventType "team-tourn"]
[EventCountry "GER"]
[WhiteTeam "Leipzig SG"]
[BlackTeam "Dessau SK"]
[WhiteTeamCountry "GER"]
[BlackTeamCountry "GER"]

1. e4 c5 2. c3 d5 3. exd5 Qxd5 4. d4 Nc6 5. Nf3 Bg4 6. Be2 cxd4 7. cxd4 e6 8.
Nc3 Bb4 9. O-O Qa5 10. h3 Bh5 11. Be3 Nge7 12. Qb3 O-O 13. a3 Bxc3 14. bxc3 Qc7
15. Rac1 Na5 16. Qb5 Bg6 17. c4 Nf5 18. Bd2 Nc6 19. Bc3 Nd6 20. Qb3 Ne4 21. Ba1
Na5 22. Qe3 Rfe8 23. Rfd1 Rad8 24. Ne5 Nd6 25. g4 f6 26. Nxg6 hxg6 27. Bd3
Naxc4 28. Qg3 b5 29. Bxg6 Re7 30. Qh4 Nf7 31. Qh7+ Kf8 32. a4 a6 33. axb5 axb5
34. Bc3 Qd7 35. Bb4 Ncd6 36. d5 exd5 37. Rxd5 Re5 38. Rxd6 Nxd6 39. Bxd6+ Qxd6
40. Qh8+ Ke7 41. Qxg7+ Ke6 42. Qf7# 1-0

[Event "Oberliga Ost A"]
[Site "?"]
[Date "2022.07.09"]
[Round "6.7"]
[White "Pannier, Thomas"]
[Black "Hentze, Markus"]
[Result "1/2-1/2"]
[WhiteElo "1771"]
[BlackElo "2123"]
[PlyCount "82"]
[EventDate "2021.10.10"]
[EventType "team-tourn"]
[EventCountry "GER"]
[WhiteTeam "Dessau SK"]
[BlackTeam "Leipzig SG"]
[WhiteTeamCountry "GER"]
[BlackTeamCountry "GER"]

1. d4 d5 2. Nf3 Nf6 3. g3 e6 4. Bg2 Be7 5. O-O O-O 6. c4 c6 7. Nc3 b6 8. b3 Ba6
9. cxd5 cxd5 10. Bb2 Nc6 11. Rc1 Rc8 12. Re1 h6 13. Bf1 Re8 14. e3 Bxf1 15.
Kxf1 Bb4 16. Re2 Bxc3 17. Bxc3 b5 18. Rec2 Qd7 19. Qe1 Ne4 20. Ba5 f6 21. Kg2
a6 22. h3 Nxa5 23. Qxa5 Rxc2 24. Rxc2 Rc8 25. Rxc8+ Qxc8 26. Nd2 Ng5 27. h4 Nf7
28. a4 Qc6 29. axb5 axb5 30. Qb4 e5 31. Qe7 exd4 32. exd4 g5 33. hxg5 hxg5 34.
Nf1 Kg7 35. Ne3 Qc3 36. b4 Qd3 37. Qd7 Qe4+ 38. Kh2 Qh7+ 39. Kg2 Qe4+ 40. Kh2
Qh7+ 41. Kg2 Qe4+ 1/2-1/2

[Event "Oberliga Ost A"]
[Site "?"]
[Date "2022.07.09"]
[Round "6.8"]
[White "Halas, Julia"]
[Black "Schaefer, Toni"]
[Result "1/2-1/2"]
[WhiteElo "2012"]
[BlackElo "1318"]
[PlyCount "88"]
[EventDate "2021.10.10"]
[EventType "team-tourn"]
[EventCountry "GER"]
[WhiteTeam "Leipzig SG"]
[BlackTeam "Dessau SK"]
[WhiteTeamCountry "GER"]
[BlackTeamCountry "GER"]

1. d4 Nf6 2. c4 g6 3. Nc3 Bg7 4. e4 d6 5. Nf3 O-O 6. Be2 Nc6 7. Be3 e5 8. d5
Ne7 9. Nd2 Nd7 10. b4 f5 11. f3 f4 12. Bf2 g5 13. c5 Nf6 14. Nc4 a6 15. cxd6
cxd6 16. Bb6 Qd7 17. Ba5 Rb8 18. Nb6 Qe8 19. Rc1 Qh5 20. Nxc8 Nxc8 21. Bc7 Ra8
22. Na4 Qh4+ 23. Kf1 g4 24. Qe1 g3 25. h3 Bh6 26. Bd3 Ng4 27. Ke2 Nf2 28. Rg1
Qe7 29. Qd2 Qd7 30. Nb6 Nxb6 31. Bxb6 Nxe4 32. Qd1 Nf6 33. Rc7 Qe8 34. Qc2 Rf7
35. Rxf7 Qxf7 36. Rd1 Kh8 37. Be4 Nxe4 38. Qxe4 Qd7 39. Qd3 Qa4 40. a3 Rc8 41.
Kd2 e4 42. Bd4+ Kg8 43. Qxe4 Re8 44. Qd3 Qd7 1/2-1/2

[Event "Oberliga Ost A"]
[Site "?"]
[Date "2022.07.09"]
[Round "6.1"]
[White "Mueller, Dominik"]
[Black "Hartge, Gedeon"]
[Result "1/2-1/2"]
[WhiteElo "2224"]
[BlackElo "2249"]
[PlyCount "154"]
[EventDate "2021.10.10"]
[EventType "team-tourn"]
[EventCountry "GER"]
[WhiteTeam "Magdeburg SV Rochade"]
[BlackTeam "Halle USV"]
[WhiteTeamCountry "GER"]
[BlackTeamCountry "GER"]

1. e4 c6 2. Nc3 d5 3. Nf3 dxe4 4. Nxe4 Nf6 5. Qe2 Nxe4 6. Qxe4 Qa5 7. b4 Qf5 8.
Bd3 Qxe4+ 9. Bxe4 Nd7 10. O-O a5 11. c3 axb4 12. cxb4 e6 13. b5 Nc5 14. Bc2
cxb5 15. d4 Na4 16. Bd2 b4 17. Bxa4+ Rxa4 18. Rfc1 Bd7 19. Rc7 Bd6 20. Rxb7 f6
21. Rb1 Ke7 22. Bxb4 Bxb4 23. R1xb4 Rxa2 24. Rb2 Rc8 25. Kf1 Rxb2 26. Rxb2 Rc4
27. Rb7 Rc2 28. Ra7 Kd6 29. Rb7 g5 30. h3 h5 31. Ne1 Rd2 32. Nf3 Ra2 33. Rb6+
Kc7 34. Rb3 Bc6 35. Re3 Kd6 36. Rc3 g4 37. hxg4 hxg4 38. Ne1 Rd2 39. Nc2 Be4
40. Na3 Bd3+ 41. Kg1 Kd5 42. Nb5 Bxb5 43. Rc5+ Kxd4 44. Rxb5 f5 45. g3 Ke4 46.
Rb4+ Rd4 47. Rb1 e5 48. Re1+ Kd5 49. Kg2 Ke6 50. Ra1 Kf6 51. Ra6+ Kg5 52. Re6
Rd5 53. Re8 e4 54. Re6 Ra5 55. Re8 Kf6 56. Kf1 Re5 57. Rf8+ Kg7 58. Ra8 Rb5 59.
Ra6 Kf7 60. Ke2 Rb3 61. Rc6 Rf3 62. Rc7+ Ke6 63. Rc8 Kd7 64. Rc5 e3 65. fxe3
Ke6 66. Rc8 Rxg3 67. Rg8 Rg2+ 68. Kf1 Rg3 69. Kf2 Rf3+ 70. Ke2 Kf7 71. Rg5 Kf6
72. Rg8 Rh3 73. e4 Rh2+ 74. Ke3 Rh3+ 75. Ke2 fxe4 76. Rxg4 Ke5 77. Rg8 Rh2+
1/2-1/2

[Event "Oberliga Ost A"]
[Site "?"]
[Date "2022.07.09"]
[Round "6.2"]
[White "Becker, Michael"]
[Black "Niering, Martin"]
[Result "1-0"]
[WhiteElo "2270"]
[BlackElo "2163"]
[PlyCount "53"]
[EventDate "2021.10.10"]
[EventType "team-tourn"]
[EventCountry "GER"]
[WhiteTeam "Halle USV"]
[BlackTeam "Magdeburg SV Rochade"]
[WhiteTeamCountry "GER"]
[BlackTeamCountry "GER"]

1. e4 e5 2. Nf3 Nc6 3. d4 exd4 4. Nxd4 Nf6 5. Nxc6 bxc6 6. e5 Qe7 7. Qe2 Nd5 8.
c4 Ba6 9. g3 O-O-O 10. b3 Re8 11. Bb2 f6 12. Bg2 fxe5 13. O-O g6 14. Re1 Bg7
15. Qd2 Nb6 16. a4 Kb8 17. Nc3 e4 18. Bxe4 Qf7 19. a5 Nc8 20. Na4 Nd6 21. Bg2
Bxb2 22. Nxb2 c5 23. Nd3 Qf5 24. g4 Qxg4 25. Nxc5 Bb7 26. Nxb7 Nxb7 27. Qb4 1-0

[Event "Oberliga Ost A"]
[Site "?"]
[Date "2022.07.09"]
[Round "6.3"]
[White "Horvath, Julia"]
[Black "Hoepfl, Thomas"]
[Result "1/2-1/2"]
[WhiteElo "2170"]
[BlackElo "2278"]
[PlyCount "62"]
[EventDate "2021.10.10"]
[EventType "team-tourn"]
[EventCountry "GER"]
[WhiteTeam "Magdeburg SV Rochade"]
[BlackTeam "Halle USV"]
[WhiteTeamCountry "GER"]
[BlackTeamCountry "GER"]

1. d4 Nf6 2. c4 g6 3. Nc3 Bg7 4. e4 d6 5. f4 O-O 6. Nf3 c5 7. d5 e6 8. Be2 exd5
9. exd5 Re8 10. O-O Bf5 11. Bd3 Qd7 12. Qc2 Na6 13. a3 Nc7 14. Bd2 Bxd3 15.
Qxd3 h6 16. Rae1 Rxe1 17. Rxe1 Re8 18. b3 Rxe1+ 19. Bxe1 Qe8 20. Bd2 a6 21. a4
Qe7 22. h3 Nce8 23. g4 Nd7 24. Qe2 Kf8 25. Kf2 Nef6 26. Qxe7+ Kxe7 27. Ke3 Ne8
28. a5 Kd8 29. Ne4 Kc7 30. Kd3 Nef6 31. Nxf6 Bxf6 1/2-1/2

[Event "Oberliga Ost A"]
[Site "?"]
[Date "2022.07.09"]
[Round "6.4"]
[White "Schulte, Felix"]
[Black "Schulze, Nick"]
[Result "1-0"]
[WhiteElo "2163"]
[BlackElo "1948"]
[PlyCount "67"]
[EventDate "2021.10.10"]
[EventType "team-tourn"]
[EventCountry "GER"]
[WhiteTeam "Halle USV"]
[BlackTeam "Magdeburg SV Rochade"]
[WhiteTeamCountry "GER"]
[BlackTeamCountry "GER"]

1. b3 g6 2. Bb2 Nf6 3. e4 d6 4. Nc3 Bg7 5. d4 O-O 6. Bd3 Nbd7 7. Nf3 c5 8. d5
Ng4 9. h3 Nge5 10. Nxe5 Nxe5 11. Be2 Qa5 12. O-O Rb8 13. f4 Nc6 14. dxc6 Bxc3
15. Bxc3 Qxc3 16. Rf3 Qa5 17. cxb7 Bxb7 18. Re3 Rfc8 19. Qd3 Qb4 20. c3 Qb6 21.
c4 Qc7 22. Rf1 e6 23. f5 exf5 24. exf5 Re8 25. Bf3 Bxf3 26. Rexf3 g5 27. f6 Re5
28. Rf5 h6 29. h4 gxh4 30. Rxe5 dxe5 31. Qe3 Qd6 32. Qxh6 Qd4+ 33. Kh1 Qg4 34.
Rf5 1-0

[Event "Oberliga Ost A"]
[Site "?"]
[Date "2022.07.09"]
[Round "6.5"]
[White "Pesztericz, Laszlo"]
[Black "Reipsch, Jens"]
[Result "1/2-1/2"]
[WhiteElo "2053"]
[BlackElo "2232"]
[PlyCount "83"]
[EventDate "2021.10.10"]
[EventType "team-tourn"]
[EventCountry "GER"]
[WhiteTeam "Magdeburg SV Rochade"]
[BlackTeam "Halle USV"]
[WhiteTeamCountry "GER"]
[BlackTeamCountry "GER"]

1. e4 e5 2. Nf3 Nc6 3. d4 exd4 4. Bc4 Nf6 5. O-O Nxe4 6. Re1 d5 7. Bxd5 Qxd5 8.
Nc3 Qa5 9. Nxe4 Be6 10. Neg5 O-O-O 11. Nxe6 fxe6 12. Rxe6 Bd6 13. Bg5 Rde8 14.
Qe2 Kd7 15. Re4 Qf5 16. Re1 Rxe4 17. Qxe4 Rf8 18. Bd2 h6 19. c4 a5 20. Qxf5+
Rxf5 21. Re4 Bc5 22. Kf1 b6 23. Ke2 d3+ 24. Kxd3 Bxf2 25. Bc3 g5 26. Bg7 h5 27.
Ne5+ Nxe5+ 28. Rxe5 Rxe5 29. Bxe5 c6 30. Bf6 g4 31. Ke4 Ke6 32. Bc3 Bg1 33. Be5
b5 34. b3 a4 35. Bg3 axb3 36. axb3 bxc4 37. bxc4 h4 38. Bxh4 Bxh2 39. Bf2 Be5
40. Be3 Bd6 41. Bf4 Be7 42. Be3 1/2-1/2

[Event "Oberliga Ost A"]
[Site "?"]
[Date "2022.07.09"]
[Round "6.6"]
[White "Luther, Juergen"]
[Black "Enekwizu, Divine"]
[Result "1-0"]
[WhiteElo "2106"]
[BlackElo "1876"]
[PlyCount "85"]
[EventDate "2021.10.10"]
[EventType "team-tourn"]
[EventCountry "GER"]
[WhiteTeam "Halle USV"]
[BlackTeam "Magdeburg SV Rochade"]
[WhiteTeamCountry "GER"]
[BlackTeamCountry "GER"]

1. d4 Nf6 2. Nc3 g6 3. e4 d6 4. h3 Bg7 5. Nf3 O-O 6. Be3 Nbd7 7. Qd2 c6 8. Rd1
Qc7 9. a4 a6 10. Bd3 b5 11. axb5 axb5 12. O-O b4 13. Ne2 c5 14. c4 bxc3 15.
bxc3 Bb7 16. d5 c4 17. Bb1 Nc5 18. Ng3 Nb3 19. Qe2 Rfc8 20. Nd4 Nd7 21. f4 Qa5
22. Qe1 Ndc5 23. Nge2 Ra6 24. h4 Na4 25. Bc2 Nbc5 26. h5 Nb2 27. Rb1 Nbd3 28.
Qd1 Qc7 29. hxg6 hxg6 30. Ng3 Qd7 31. f5 Ra2 32. Bxd3 cxd3 33. Qf3 Rf8 34. Qg4
Ba6 35. Ne6 fxe6 36. dxe6 Qe8 37. fxg6 Rf6 38. Rxf6 exf6 39. Qh5 Nxe6 40. Qh7+
Kf8 41. Nf5 Qd7 42. Bh6 Qa7+ 43. Be3 1-0

[Event "Oberliga Ost A"]
[Site "?"]
[Date "2022.07.09"]
[Round "6.8"]
[White "Hentzgen, Thomas"]
[Black "Kuna, Ralf Michael"]
[Result "1/2-1/2"]
[WhiteElo "2022"]
[BlackElo "2106"]
[PlyCount "97"]
[EventDate "2021.10.10"]
[EventType "team-tourn"]
[EventCountry "GER"]
[WhiteTeam "Halle USV"]
[BlackTeam "Magdeburg SV Rochade"]
[WhiteTeamCountry "GER"]
[BlackTeamCountry "GER"]

1. Nf3 d5 2. b3 c5 3. e3 a6 4. Bb2 Nc6 5. Be2 Nf6 6. O-O e6 7. d4 b5 8. Nbd2 c4
9. Re1 Qc7 10. Bf1 Bb7 11. a4 Bd6 12. axb5 axb5 13. Rxa8+ Bxa8 14. bxc4 bxc4
15. e4 Nxe4 16. Nxe4 dxe4 17. Rxe4 Ne7 18. Rg4 c3 19. Bc1 Nf5 20. Bd3 h5 21.
Rg5 f6 22. Bxf5 fxg5 23. Bg6+ Kd7 24. Bxg5 h4 25. Ne5+ Bxe5 26. dxe5+ Kc8 27.
Qa1 Qc6 28. f3 h3 29. Be4 Qc5+ 30. Kh1 Bxe4 31. fxe4 hxg2+ 32. Kxg2 Kb7 33. Qa4
Qc6 34. Qb4+ Kc8 35. h4 Re8 36. Kf3 Kc7 37. Qa5+ Kb7 38. Qb4+ Ka6 39. Qa3+ Kb7
40. Qb4+ Qb6 41. Qd6 Rc8 42. Be3 Qxd6 43. exd6 e5 44. Bg5 Kc6 45. Be7 g6 46.
Ke3 Kd7 47. Kd3 Ke6 48. Ke3 Rc4 49. Kd3 1/2-1/2

[Event "Oberliga Ost A"]
[Site "?"]
[Date "2022.07.09"]
[Round "6.2"]
[White "Jahnel, Guenther"]
[Black "Zawadzka, Jolanta"]
[Result "1-0"]
[WhiteElo "2191"]
[BlackElo "2416"]
[PlyCount "85"]
[EventDate "2021.10.10"]
[EventType "team-tourn"]
[EventCountry "GER"]
[WhiteTeam "Hoyerswerda FVS ASP"]
[BlackTeam "Plauen SK Koenig"]
[WhiteTeamCountry "GER"]
[BlackTeamCountry "GER"]

1. d4 d5 2. c4 e6 3. Nc3 Nf6 4. Bg5 dxc4 5. e3 a6 6. a4 Nbd7 7. Bxc4 h6 8. Bh4
b6 9. Nf3 Bb7 10. O-O Be7 11. Qe2 O-O 12. Rfd1 Nd5 13. Bxe7 Qxe7 14. Rac1 N7f6
15. Ne5 Rfc8 16. Nxd5 exd5 17. Bd3 c5 18. Bf5 Rc7 19. h3 g6 20. Bd3 c4 21. Bb1
b5 22. axb5 axb5 23. f4 Kg7 24. f5 g5 25. Rf1 Qd6 26. h4 Re7 27. Qd2 Rae8 28.
hxg5 hxg5 29. e4 Rg8 30. Qxg5+ Kf8 31. Ng6+ fxg6 32. fxg6 Ke8 33. Rxf6 Qb4 34.
Qf4 Kd7 35. exd5 Re1+ 36. Kf2 Qxb2+ 37. Kxe1 Re8+ 38. Re6 Qb4+ 39. Kf1 Rf8 40.
Bf5 Bxd5 41. Re5+ Kc6 42. g7 Rg8 43. Rxd5 1-0

[Event "Oberliga Ost A"]
[Site "?"]
[Date "2022.07.09"]
[Round "6.3"]
[White "Burian, Simon"]
[Black "Grohmann, Alexander"]
[Result "1/2-1/2"]
[WhiteElo "2189"]
[BlackElo "1975"]
[PlyCount "67"]
[EventDate "2021.10.10"]
[EventType "team-tourn"]
[EventCountry "GER"]
[WhiteTeam "Plauen SK Koenig"]
[BlackTeam "Hoyerswerda FVS ASP"]
[WhiteTeamCountry "GER"]
[BlackTeamCountry "GER"]

1. e4 c5 2. Nf3 d6 3. d4 cxd4 4. Nxd4 Nf6 5. f3 e5 6. Nb3 Be6 7. c4 Qc7 8. Be3
Be7 9. Nc3 a6 10. Rc1 O-O 11. Nd5 Bxd5 12. cxd5 Qd8 13. Qd2 a5 14. a4 Nbd7 15.
Bb5 b6 16. Rc6 Nc5 17. Bxc5 bxc5 18. Ba6 Nd7 19. Nxa5 Bg5 20. Qc3 Nb8 21. Nb7
Qe7 22. Qc4 Nxa6 23. Nxd6 Nb4 24. Nf5 Qa7 25. Rd6 g6 26. h4 Bc1 27. O-O Bxb2
28. Rb1 Bd4+ 29. Nxd4 exd4 30. h5 Rfd8 31. Rxd8+ Rxd8 32. h6 Qe7 33. a5 Qg5 34.
Rb3 1/2-1/2

[Event "Oberliga Ost A"]
[Site "?"]
[Date "2022.07.09"]
[Round "6.4"]
[White "Graf, Roland"]
[Black "Zaehringer, Daniel"]
[Result "1/2-1/2"]
[WhiteElo "2099"]
[BlackElo "2166"]
[PlyCount "58"]
[EventDate "2021.10.10"]
[EventType "team-tourn"]
[EventCountry "GER"]
[WhiteTeam "Hoyerswerda FVS ASP"]
[BlackTeam "Plauen SK Koenig"]
[WhiteTeamCountry "GER"]
[BlackTeamCountry "GER"]

1. e4 e5 2. Nf3 Nf6 3. Nxe5 d6 4. Nf3 Nxe4 5. d4 d5 6. Bd3 Nc6 7. O-O Bg4 8. c4
Nf6 9. cxd5 Bxf3 10. Qxf3 Qxd5 11. Qxd5 Nxd5 12. Nc3 O-O-O 13. Bc4 Nce7 14. Bd2
h6 15. Rad1 g6 16. Rfe1 Bg7 17. Bc1 c6 18. Bb3 Rd7 19. Kf1 Rf8 20. a3 Nc7 21.
Bf4 Ncd5 22. Be5 Bxe5 23. Rxe5 Rfd8 24. Rde1 h5 25. g3 Kc7 26. h4 Kc8 27. Kg2
Kc7 28. Kf1 Kc8 29. Kg2 Kc7 1/2-1/2

[Event "Oberliga Ost A"]
[Site "?"]
[Date "2022.07.09"]
[Round "6.6"]
[White "Roessel, Louis"]
[Black "Sandner, Gunter"]
[Result "0-1"]
[WhiteElo "1961"]
[BlackElo "2244"]
[PlyCount "96"]
[EventDate "2021.10.10"]
[EventType "team-tourn"]
[EventCountry "GER"]
[WhiteTeam "Hoyerswerda FVS ASP"]
[BlackTeam "Plauen SK Koenig"]
[WhiteTeamCountry "GER"]
[BlackTeamCountry "GER"]

1. e4 c5 2. Nc3 Nc6 3. f4 e6 4. Nf3 d5 5. Bb5 Nge7 6. d3 a6 7. Bxc6+ Nxc6 8.
O-O Be7 9. Qe1 d4 10. Nd1 O-O 11. a3 f5 12. Qg3 Qd6 13. Nf2 b5 14. Bd2 Bd7 15.
c3 Rf7 16. cxd4 Nxd4 17. Nxd4 Qxd4 18. Bc3 Qd6 19. b4 Qb6 20. Qe3 Rc8 21. Rac1
Qb7 22. Bd2 c4 23. dxc4 bxc4 24. Rfe1 Bd8 25. Bc3 Bc7 26. g3 Qb5 27. Bd4 Bd6
28. Red1 Bf8 29. Be5 a5 30. bxa5 Qxa5 31. Bd6 Ba4 32. Bxf8 Kxf8 33. Rd6 Bb3 34.
Rc3 e5 35. Rd5 exf4 36. gxf4 Qxa3 37. Qd4 Kg8 38. Rg3 Qf8 39. Rd7 Rxd7 40. Qxd7
c3 41. Nd3 fxe4 42. Nc1 Rd8 43. Qb5 Rd1+ 44. Kg2 Bd5 45. Rxc3 e3+ 46. Kh3 Qf5+
47. Kh4 Qxf4+ 48. Kh5 g6# 0-1

[Event "Oberliga Ost A"]
[Site "?"]
[Date "2022.07.09"]
[Round "6.7"]
[White "Pfretzschner, Roland"]
[Black "Nestler, Reiner"]
[Result "0-1"]
[WhiteElo "2163"]
[BlackElo "2082"]
[PlyCount "62"]
[EventDate "2021.10.10"]
[EventType "team-tourn"]
[EventCountry "GER"]
[WhiteTeam "Plauen SK Koenig"]
[BlackTeam "Hoyerswerda FVS ASP"]
[WhiteTeamCountry "GER"]
[BlackTeamCountry "GER"]

1. e4 d6 2. Nc3 Nf6 3. d4 g6 4. Bg5 h6 5. Bh4 c6 6. Qd2 Bg7 7. f4 O-O 8. Nf3 b5
9. Bd3 a6 10. O-O-O Qc7 11. f5 g5 12. Bf2 Nbd7 13. Rdg1 c5 14. Nd5 Nxd5 15.
exd5 c4 16. Be2 Nf6 17. h4 g4 18. Nh2 Bxf5 19. Qf4 Qd7 20. h5 Nxd5 21. Qd2 Rac8
22. Qd1 Nf6 23. Bh4 b4 24. Rf1 b3 25. Rxf5 Qxf5 26. axb3 cxb3 27. c3 Qa5 28.
Bd3 Qa1+ 29. Bb1 Rxc3+ 30. bxc3 Qxc3+ 31. Bc2 Rc8 0-1

[Event "Oberliga Ost A"]
[Site "?"]
[Date "2022.07.09"]
[Round "6.8"]
[White "Brechlin, Olaf"]
[Black "Hoerr, Matthias"]
[Result "0-1"]
[WhiteElo "1863"]
[BlackElo "2177"]
[PlyCount "70"]
[EventDate "2021.10.10"]
[EventType "team-tourn"]
[EventCountry "GER"]
[WhiteTeam "Hoyerswerda FVS ASP"]
[BlackTeam "Plauen SK Koenig"]
[WhiteTeamCountry "GER"]
[BlackTeamCountry "GER"]

1. Nc3 c5 2. g3 Nc6 3. Bg2 Nf6 4. e4 e6 5. f4 d5 6. e5 Ng8 7. Nf3 h5 8. Ne2 Nh6
9. c3 Nf5 10. d4 b5 11. Bh3 g6 12. Bxf5 gxf5 13. Be3 c4 14. b4 cxb3 15. axb3 a5
16. O-O Ba6 17. Rf2 Qb6 18. Nd2 Be7 19. h4 Kf8 20. Kh2 Kg7 21. Rb1 Rhd8 22. Ng1
Kg6 23. Ngf3 Rac8 24. Rg2 Na7 25. Rc1 b4 26. Nb1 Rc7 27. Rgc2 Rdc8 28. cxb4
Bxb4 29. Bd2 Be2 30. Qxe2 Rxc2 31. Rxc2 Rxc2 32. Qd3 Rc7 33. Bxb4 Qxb4 34. Nfd2
Nb5 35. Kh3 Rc1 0-1

[Event "Oberliga Ost A"]
[Site "?"]
[Date "2022.07.09"]
[Round "6.1"]
[White "Mueller, Frank"]
[Black "Schunk, Thomas"]
[Result "1-0"]
[WhiteElo "2264"]
[BlackElo "2151"]
[PlyCount "87"]
[EventDate "2021.10.10"]
[EventType "team-tourn"]
[EventCountry "GER"]
[WhiteTeam "Leipzig VfB"]
[BlackTeam "Leipzig SG II"]
[WhiteTeamCountry "GER"]
[BlackTeamCountry "GER"]

1. d4 f5 2. Nf3 Nf6 3. c4 e6 4. e3 d5 5. Bd3 c6 6. O-O Bd6 7. b3 O-O 8. Ba3
Bxa3 9. Nxa3 Ne4 10. Qc2 Nd7 11. Rac1 Qf6 12. Nb1 Qh6 13. Nc3 Ndf6 14. Ne2 Bd7
15. Ne5 Rad8 16. b4 dxc4 17. Bxc4 Nd5 18. b5 cxb5 19. Bxd5 exd5 20. Qc7 Bc8 21.
Nf7 Qf6 22. Nxd8 Qxd8 23. Nf4 Nd2 24. Rfd1 Nc4 25. Qc5 a6 26. Qxd5+ Qxd5 27.
Nxd5 Be6 28. Nf4 Bf7 29. d5 Rd8 30. Rd4 h6 31. h4 Rd7 32. Rc3 Nd6 33. f3 Re7
34. Kf2 g6 35. Nd3 Kg7 36. Nc5 Kf6 37. e4 a5 38. g4 b6 39. Nb3 fxe4 40. Rc6 Rd7
41. fxe4 Ke5 42. Ke3 Nc4+ 43. Rcxc4 bxc4 44. Nd2 1-0

[Event "Oberliga Ost A"]
[Site "?"]
[Date "2022.07.09"]
[Round "6.2"]
[White "Pietzsch, Manuel"]
[Black "Geiling, Christian"]
[Result "1-0"]
[WhiteElo "2127"]
[BlackElo "2180"]
[PlyCount "59"]
[EventDate "2021.10.10"]
[EventType "team-tourn"]
[EventCountry "GER"]
[WhiteTeam "Leipzig SG II"]
[BlackTeam "Leipzig VfB"]
[WhiteTeamCountry "GER"]
[BlackTeamCountry "GER"]

1. e4 d6 2. d4 Nf6 3. Nc3 g6 4. Be3 c6 5. f3 Nbd7 6. g4 h5 7. g5 Nh7 8. f4 Bg7
9. Nf3 b5 10. Qd2 Nb6 11. b3 d5 12. Ne5 Bxe5 13. dxe5 Nf8 14. a3 Bg4 15. exd5
Bf3 16. Bg2 Bxg2 17. Qxg2 Nxd5 18. O-O-O e6 19. Ne4 Nd7 20. Nd6+ Kf8 21. Bd4
Qa5 22. Bb2 Kg7 23. f5 Rhf8 24. fxe6 fxe6 25. Rhf1 b4 26. a4 Qc5 27. Bd4 Ne3
28. Qe4 Nxf1 29. Bxc5 Nxc5 30. Qxc6 1-0

[Event "Oberliga Ost A"]
[Site "?"]
[Date "2022.07.09"]
[Round "6.3"]
[White "Alahmad, Fadi"]
[Black "Dietze, Frank"]
[Result "0-1"]
[WhiteElo "2141"]
[BlackElo "2068"]
[PlyCount "84"]
[EventDate "2021.10.10"]
[EventType "team-tourn"]
[EventCountry "GER"]
[WhiteTeam "Leipzig VfB"]
[BlackTeam "Leipzig SG II"]
[WhiteTeamCountry "GER"]
[BlackTeamCountry "GER"]

1. d4 Nf6 2. c4 g6 3. Nc3 Bg7 4. e4 d6 5. h3 O-O 6. Nf3 e5 7. d5 a5 8. Bd3 Na6
9. Be3 Nh5 10. Ne2 f5 11. O-O f4 12. Bd2 Nc5 13. Bc2 g5 14. Nh2 Nf6 15. f3 h5
16. Qe1 c6 17. Nc3 cxd5 18. Nxd5 Nxd5 19. exd5 Qb6 20. Kh1 Qxb2 21. Bg6 Bf5 22.
Bxf5 Rxf5 23. Bxa5 e4 24. fxe4 Re8 25. Rb1 Qxa2 26. Nf3 Nxe4 27. Kh2 g4 28. Nh4
g3+ 29. Kh1 Nf2+ 30. Qxf2 gxf2 31. Nxf5 Qxa5 32. Rxf2 Re1+ 33. Rf1 Rxb1 34.
Rxb1 f3 35. gxf3 Be5 36. Ne7+ Kf7 37. Rxb7 Qe1+ 38. Kg2 Qe2+ 39. Kg1 Bd4+ 40.
Kh1 Qxf3+ 41. Kh2 Qf2+ 42. Kh1 Qg1# 0-1

[Event "Oberliga Ost A"]
[Site "?"]
[Date "2022.07.09"]
[Round "6.4"]
[White "Haufe, Laurin"]
[Black "Just, Wolfgang"]
[Result "1/2-1/2"]
[WhiteElo "2142"]
[BlackElo "2101"]
[PlyCount "77"]
[EventDate "2021.10.10"]
[EventType "team-tourn"]
[EventCountry "GER"]
[WhiteTeam "Leipzig SG II"]
[BlackTeam "Leipzig VfB"]
[WhiteTeamCountry "GER"]
[BlackTeamCountry "GER"]

1. e4 e6 2. Nf3 d5 3. e5 c5 4. b4 cxb4 5. a3 Nc6 6. axb4 Bxb4 7. c3 Be7 8. d4
Bd7 9. Bd3 Na5 10. Na3 a6 11. O-O Qc7 12. Ne1 Nc4 13. Nxc4 dxc4 14. Bc2 Bc6 15.
f4 g6 16. Nf3 h5 17. Nd2 b5 18. Be4 Nh6 19. Qf3 Bxe4 20. Nxe4 O-O 21. h3 h4 22.
Ba3 Bxa3 23. Rxa3 Kg7 24. Rfa1 Qc6 25. Qe2 a5 26. Nd6 Nf5 27. Nxf5+ exf5 28.
Rxa5 Rxa5 29. Rxa5 Ra8 30. Rxa8 Qxa8 31. Qe1 Qd5 32. Qe3 Qa8 33. Qd2 b4 34.
cxb4 Qa1+ 35. Kh2 c3 36. Qf2 Qb1 37. Qxh4 c2 38. Qf6+ Kg8 39. Qd8+ 1/2-1/2

[Event "Oberliga Ost A"]
[Site "?"]
[Date "2022.07.09"]
[Round "6.6"]
[White "Gempe, Thomas"]
[Black "Bauer, Timon"]
[Result "1-0"]
[WhiteElo "2143"]
[BlackElo "1904"]
[PlyCount "63"]
[EventDate "2021.10.10"]
[EventType "team-tourn"]
[EventCountry "GER"]
[WhiteTeam "Leipzig SG II"]
[BlackTeam "Leipzig VfB"]
[WhiteTeamCountry "GER"]
[BlackTeamCountry "GER"]

1. d4 Nf6 2. c4 b6 3. Nf3 Bb7 4. g3 e6 5. Bg2 Be7 6. O-O O-O 7. d5 exd5 8. Nh4
c6 9. cxd5 Nxd5 10. Nf5 Nc7 11. e4 Ne6 12. Nc3 d6 13. Be3 Na6 14. Qg4 Nac7 15.
Rfd1 Ne8 16. Nh6+ Kh8 17. Nxf7+ Rxf7 18. Qxe6 Rf6 19. Qg4 Rg6 20. Qe2 Qc7 21.
Rac1 Bf8 22. Bf4 Qe7 23. Bf3 Bc8 24. Rd2 Bh3 25. Rcd1 Rd8 26. Qc4 Qb7 27. Bh5
d5 28. Bxg6 Bg4 29. exd5 Bxd1 30. dxc6 Qc8 31. Rxd8 Qxd8 32. Bxe8 1-0